000 00598nam a2200217Ia 4500
005 20250605093649.0
008 131103s9999 xx 000 0 und d
040 _aLoreto College
041 _aEnglish
082 _a370.954
_bKEA
100 _aKeay,F.E.
245 2 _aA History of Education in India and Pakistan,
_cF.E.Keay and D.D.Karve
250 _a4th ed.
260 _aLondon
_bOxford University Press
_c1964
300 _avi,238 p.
504 _aIncludes bibliography and index
650 _aEducation - India
700 _aKarve,D.D.,auth.
850 _aLCLIB
942 _cBK
999 _c10388
_d60867